<?xml version="1.0" encoding="UTF-8"?>
<record
    xmlns:xsi="http://www.w3.org/2001/XMLSchema-instance"
    xsi:schemaLocation="http://www.loc.gov/MARC21/slim http://www.loc.gov/standards/marcxml/schema/MARC21slim.xsd"
    xmlns="http://www.loc.gov/MARC21/slim">

  <leader>01131nam a22001937a 4500</leader>
  <controlfield tag="005">20230309142619.0</controlfield>
  <controlfield tag="008">230309b           ag ||||| |||| 00| 0 spa d</controlfield>
  <datafield tag="050" ind1="0" ind2="4">
    <subfield code="a">TS305 </subfield>
    <subfield code="b">S46 1988</subfield>
  </datafield>
  <datafield tag="111" ind1="2" ind2=" ">
    <subfield code="a">Seminario ILAFA-IAS Calidad del Acero</subfield>
    <subfield code="d">(1988 :</subfield>
    <subfield code="c">Buenos Aires, Argentina)</subfield>
  </datafield>
  <datafield tag="245" ind1="1" ind2="0">
    <subfield code="a">Calidad '88 :</subfield>
    <subfield code="b">trabajos presentados al Seminario ILAFA-IAS Calidad del Acero /</subfield>
    <subfield code="c">organizado por el Instituto Latinoamericano del Fierro y el Acero (ILAFA) ... [et al.], 29 de mayo al 1o. de junio de 1988, Buenos Aires, Argentina = Quality '88 : papers presented at the ILAFA-IAS Seminar on Steel Quality / organized by the Instituto Latinoamericano del Fierro y el Acero (ILAFA) ... [et al.], May 29-June 1st, 1988, Buenos Aires, Argentina.</subfield>
  </datafield>
  <datafield tag="250" ind1=" " ind2=" ">
    <subfield code="a">1a ed. </subfield>
  </datafield>
  <datafield tag="260" ind1=" " ind2=" ">
    <subfield code="a">Buenos Aires, Argentina : </subfield>
    <subfield code="b">Instituto Latinoamericano del Fierro y el Acero, ILAFA,</subfield>
    <subfield code="c">1988</subfield>
  </datafield>
  <datafield tag="300" ind1=" " ind2=" ">
    <subfield code="a">p. v. :</subfield>
    <subfield code="b">il. ;</subfield>
    <subfield code="c">30 cm.</subfield>
  </datafield>
  <datafield tag="500" ind1=" " ind2=" ">
    <subfield code="a">Material en Ingles y Espa&#xF1;ol </subfield>
  </datafield>
  <datafield tag="650" ind1=" " ind2="7">
    <subfield code="2">lemb</subfield>
    <subfield code="a">Aceros calidad</subfield>
    <subfield code="v">congresos </subfield>
  </datafield>
  <datafield tag="650" ind1=" " ind2="7">
    <subfield code="2">lemb</subfield>
    <subfield code="a">Aceros especificaciones </subfield>
    <subfield code="v">congresos</subfield>
  </datafield>
  <datafield tag="710" ind1="2" ind2=" ">
    <subfield code="a">Instituto Latinoamericano del Fierro y ed Acero.</subfield>
  </datafield>
  <datafield tag="942" ind1=" " ind2=" ">
    <subfield code="2">lcc</subfield>
    <subfield code="c">LIB</subfield>
  </datafield>
  <datafield tag="999" ind1=" " ind2=" ">
    <subfield code="c">91475</subfield>
    <subfield code="d">91475</subfield>
  </datafield>
  <datafield tag="952" ind1=" " ind2=" ">
    <subfield code="1">0</subfield>
    <subfield code="2">lcc</subfield>
    <subfield code="4">0</subfield>
    <subfield code="7">0</subfield>
    <subfield code="a">INV-015</subfield>
    <subfield code="b">INV-015</subfield>
    <subfield code="c">GENERAL</subfield>
    <subfield code="d">2023-03-09</subfield>
    <subfield code="f">1a ed. </subfield>
    <subfield code="k">IT</subfield>
    <subfield code="l">0</subfield>
    <subfield code="o">TS305 S46 1988</subfield>
    <subfield code="p">BIIM000000738</subfield>
    <subfield code="r">2023-03-09 00:00:00</subfield>
    <subfield code="t">1</subfield>
    <subfield code="v">1.00</subfield>
    <subfield code="y">LIB</subfield>
  </datafield>
</record>
